| 000 | 02258nam a2200229 4500 | ||
|---|---|---|---|
| 005 | 20250329165444.0 | ||
| 008 | 190415s2023 000 0 eng d | ||
| 040 |
_aCO-CtgCURN _bspa _ccoctgcurn |
||
| 082 | 0 |
_aINQ 2023 _bG279 |
|
| 100 | 1 | _aGavalo Ospino, Iván Mauricio. | |
| 245 | 1 | 0 |
_aFactores maternos asociados a sífilis congénita en niños nacidos de madres con sífilis gestacional en el departamento de Córdoba y el municipio de Montería durante los años 2014-2022 / _cIvan Mauricio Gavalo Ospino; Leidis Alexandra Manjarres González ; director: Jaime Alberto Lorduy Gómez. |
| 260 |
_aCartagena de Indias : _bCorporación Universitaria Rafael Nuñez, _c2023. |
||
| 300 | _a65 hojas. | ||
| 504 | _aTrabajo de grado (Instrumentación quirúrgica). Corporación Universitaria Rafael Nuñez. Facultad de Ciencias de la Salud. Instrumentación Quirúrgica, 2023. | ||
| 520 | _a" Desde hace más de una década se ha trabajado en el Plan de eliminación de la sífilis congénita, cuya meta para el 2015 era llegar a menos de 0,5 casos por cada 1.000 nacidos vivos. Esta meta no se cumplió en la mayoría de los países latinoamericanos, incluido Colombia, en donde por el contrario, se ha reportado un incremento en la tasa de incidencia que pasó 1,1 por 1000 nacidos vivos en el 2016 a 2,8 por 1000 nacidos vivos en el año 2020 y en donde los casos de sífilis gestacional presentan incremento en el número de casos confirmados y en la prevalencia a partir del 2019, especialmente en el 2020 y 2021, que puede estar relacionado con los efectos de la pandemia, con el cierre o restricción para acceder a servicios de salud sexual y con la reorientación de los esfuerzos de salud pública en las enfermedades de transmisión sexual a la mitigación del COVID-19." | ||
| 650 | 0 |
_aInstrumentación quirúrgica _vTesis y disertaciones academicas. |
|
| 700 | 1 | _aManjarres González, Leidis Alexandra. | |
| 700 | 1 |
_aLorduy Gómez, Jaime Alberto, _edirector. |
|
| 856 |
_uhttps://unicurn.sharepoint.com/:b:/s/biblioteca/EYdqOqm9mSFOqPdQ7jQoc3MBadNF3cxcmPUAEXzPEvSisQ?e=04YV61 _zClick aqui para ver el recurso en texto completo |
||
| 942 |
_2ddc _cTG _hINQ 2023 _iG279 |
||
| 999 |
_c4618 _d4618 |
||